00422nam a2200181Ia 4500003000400000005001700004008004100021020002200062040000700084041000800091082002300099100002000122245002100142260003200163300001200195365001300207650002000220OSt20230317115607.0210423s2013 xx 000 0 und d a978-0-00-749880-2 cAL aeng a823.914 223bLESG aLESSING (Doris) aGrass is singing aLondonbFourth estatec2013 a206bPB b525cINR aEnglish Fiction